Datum a čas kvízu
19
Celkem bodů
Celkový počet nahraných bodů na tomto kvízu bez doplňovacích otázek.
2.
Pořadí na kvízu
Konečné umístění týmu na tomto kvízu.
Zaznamenané odpovědi
| # | Otázka | Odpověď | Body | Výsledky |
|---|---|---|---|---|
| 1. | V sobotu byla v ostravském Gon... | 0 | ||
| 2. | Věznice ve městě Boram na seve... | 0 | ||
| 3. | Z obrazovek Primy zmizí dva os... | 1 | ||
| 4. | Známá společnost v úterý otevř... | 0 | ||
| 5. | Majitel anglického fotbalového... | 1 | ||
| 6. | Toto téma je dalším, které jst... | 0 | ||
| 7. | Erbenova Kytice obsahuje 13 bá... | 0.5 | ||
| 5. | Velmi osobitou postavou české... | 0 | ||
| 5. | Doplňte zcela přesně jméno z t... | 0 | ||
| 10. | Ve šlépějích známého českého s... | 0 |